[Event "AUTO-OPEN-921"]
[Site "http://www.queenalice.com/game.php?id=419755"]
[Date "2008.6.18"]
[Round "2"]
[White "AmandaMello"]
[Black "miseriapopular"]
[Result "1-0"]
[WhiteElo "1908"]
[BlackElo "1814"]

1. e4 Nc6 2. d4 d5 3. e5 Bf5 4. c3 h6 5. Nf3 e6 6. Be3 Be7 7. Nbd2 Bg5 8. Nxg5
hxg5 9. Qb3 Rb8 10. Be2 a6 11. Nf3 Nge7 12. Bxg5 Na5 13. Qa4+ Nac6 14. O-O Qd7
15. Nh4 Be4 16. Bf3 Ng6 17. Bxe4 Nxh4 18. Bc2 1-0

[Event "AUTO-OPEN-921"]
[Site "http://www.queenalice.com/game.php?id=419756"]
[Date "2008.6.18"]
[Round "2"]
[White "miseriapopular"]
[Black "AmandaMello"]
[Result "0-1"]
[WhiteElo "1802"]
[BlackElo "1920"]

1. Nf3 Nf6 2. Nc3 c5 3. g3 d5 4. d4 cxd4 5. Nxd4 e5 6. Nf3 d4 7. Nb5 Qa5+ 8. Nc3
dxc3 9. bxc3 Qxc3+ 10. Bd2 Qc7 11. Bg2 Nc6 12. O-O Bc5 13. Bg5 Be6 14. a4 Rd8
15. Qc1 Be7 16. Rd1 O-O 17. Be3 Nd5 18. Rd3 e4 0-1

[Event "AUTO-OPEN-921"]
[Site "http://www.queenalice.com/game.php?id=419757"]
[Date "2008.6.18"]
[Round "2"]
[White "AmandaMello"]
[Black "lilars"]
[Result "1-0"]
[WhiteElo "1929"]
[BlackElo "1490"]

1. e4 c5 2. Nf3 e6 3. c3 Nf6 4. e5 Nd5 5. Bc4 b6 6. O-O Ba6 7. Bxd5 exd5 8. Re1
Be7 9. d4 d6 10. Nbd2 dxe5 11. Rxe5 Nc6 12. Re1 O-O 13. Nf1 cxd4 14. Nxd4 Nxd4
15. Qxd4 Bc5 16. Qg4 f5 17. Qh5 Bd3 18. Nd2 d4 19. cxd4 Qxd4 20. Qf3 Be4 21.
Nxe4 fxe4 22. Qb3+ Kh8 23. Be3 Qe5 24. Rad1 Rf5 25. Rd7 Bd6 26. g3 Rf3 27. Qc4
Qf5 28. Rxd6 Rc8 29. Qe6 1-0

[Event "AUTO-OPEN-921"]
[Site "http://www.queenalice.com/game.php?id=419758"]
[Date "2008.6.18"]
[Round "2"]
[White "lilars"]
[Black "AmandaMello"]
[Result "1-0"]
[WhiteElo "1528"]
[BlackElo "1952"]

1. e4 c5 2. Nf3 d6 3. Bc4 e6 4. O-O g6 5. Nc3 Bg7 6. d4 cxd4 7. Nxd4 Nf6 8. Bg5
O-O 9. Ndb5 Qb6 10. Nxd6 Qxb2 11. Ndb5 Qb4 12. e5 Ne8 13. Qd4 Nc6 14. Qe4 Bxe5
15. Bh6 a6 16. Rab1 Qa5 17. a4 Bg7 18. Bxg7 Kxg7 19. Qd3 axb5 20. axb5 Na7 21.
Ne4 e5 22. Nd6 Qc7 23. b6 Qxd6 24. bxa7 Qxd3 25. Bxd3 Rxa7 26. f4 exf4 27. Rxf4
Nf6 28. Rbf1 Nd5 29. Rd4 Be6 30. c4 Nb4 31. Be4 Rc8 32. c5 Nc6 33. Rd6 Ra4 34.
Bxc6 1-0

[Event "AUTO-MASTER-603"]
[Site "http://www.queenalice.com/game.php?id=458472"]
[Date "2008.9.5"]
[Round "1"]
[White "AmandaMello"]
[Black "arauca"]
[Result "0-1"]
[WhiteElo "1933"]
[BlackElo "2215"]

1. e4 Nf6 2. Nc3 d5 3. exd5 Nxd5 4. Bc4 Be6 5. Nxd5 Bxd5 6. Bxd5 Qxd5 7. Nf3 e5
8. O-O Nc6 9. d3 Bc5 10. Re1 O-O-O 11. Ng5 f5 12. Be3 h6 13. Nf7 Qxf7 14. Bxc5
g5 15. Qe2 g4 16. Rad1 h5 17. g3 h4 18. Qe3 Qh5 19. Re2 b6 20. Ba3 Nd4 21. Be7
Nxe2+ 22. Qxe2 hxg3 23. fxg3 Rde8 24. Bh4 f4 25. Rf1 Qf5 26. Qg2 f3 27. Qd2 e4
28. dxe4 Qxe4 29. Bf6 Rhf8 30. Bc3 Qe3+ 31. Qxe3 Rxe3 32. Bd4 Re2 33. c4 Rf7 34.
Bf2 Rxb2 0-1

[Event "AUTO-MASTER-603"]
[Site "http://www.queenalice.com/game.php?id=458473"]
[Date "2008.9.5"]
[Round "1"]
[White "arauca"]
[Black "AmandaMello"]
[Result "1-0"]
[WhiteElo "2160"]
[BlackElo "1974"]

1. e4 c5 2. Nf3 d6 3. d4 cxd4 4. Qxd4 Nc6 5. Bb5 Bd7 6. Bxc6 Bxc6 7. Nc3 Nf6 8.
Bg5 e5 9. Qd3 Be7 10. O-O-O Qc7 11. Nh4 O-O-O 12. Nf5 Bf8 13. Kb1 h6 14. Bxf6
gxf6 15. Nd5 Qd7 16. Nxf6 Qe6 17. Nd5 Rg8 18. g3 Kb8 19. f3 Qe8 20. Nf6 Qe6 21.
Nxg8 d5 22. Qb3 h5 23. Rd2 Bc5 24. Ngh6 Ka8 25. exd5 Bxd5 26. Rhd1 Bd4 27. Nxd4
Qxh6 28. Nf5 1-0

[Event "AUTO-MASTER-603"]
[Site "http://www.queenalice.com/game.php?id=458474"]
[Date "2008.9.5"]
[Round "1"]
[White "AmandaMello"]
[Black "TheBigSid"]
[Result "1-0"]
[WhiteElo "1909"]
[BlackElo "2104"]

1. e4 e6 2. d4 d5 3. e5 c5 4. Nf3 cxd4 5. Nxd4 Nc6 6. Bb5 Bd7 7. O-O Bc5 8. Nxc6
Bxc6 9. Bd3 Ne7 10. Kh1 O-O 11. Nc3 Ng6 12. f4 a6 13. Qh5 b5 14. a3 Qh4 15. Bxg6
Qxh5 16. Bxh5 Rfd8 17. Bd2 d4 18. Ne2 d3 19. cxd3 Rxd3 20. Bc3 Rad8 21. Ng3 Be3
22. Be2 R3d7 23. f5 Bd2 24. Bxd2 Rxd2 25. Rad1 a5 26. Rxd2 Rxd2 27. Rd1 Rxd1+
28. Bxd1 Kf8 29. Kg1 Ke7 30. Bb3 a4 31. Ba2 Bd7 32. fxe6 Bxe6 33. Bb1 Bd5 34.
Nf5+ Kf8 35. Nd6 Bc6 36. Bd3 1-0

[Event "AUTO-MASTER-603"]
[Site "http://www.queenalice.com/game.php?id=458475"]
[Date "2008.9.5"]
[Round "1"]
[White "TheBigSid"]
[Black "AmandaMello"]
[Result "0-1"]
[WhiteElo "2125"]
[BlackElo "1922"]

1. d4 Nf6 2. Nf3 e6 3. c4 c5 4. e3 Nc6 5. Nc3 cxd4 6. exd4 d5 7. Bg5 Be7 8. Bd3
O-O 9. O-O h6 10. Be3 Re8 11. Rc1 Bf8 12. cxd5 Nxd5 13. Nxd5 Qxd5 14. a3 Kh8 15.
Bb1 Na5 16. Rc7 Bd6 17. Qc2 f5 18. Rc3 Bd7 19. b4 Nc6 20. Ba2 Qe4 21. Qxe4 fxe4
22. Nd2 e5 23. d5 Nd4 24. Re1 Bf5 25. Nb3 Nb5 26. Rcc1 Nxa3 27. Bc5 Nb5 28. Bxd6
Nxd6 29. Rc7 Rac8 30. Rec1 Kh7 31. h3 a6 32. g4 Bg6 33. Kg2 Red8 34. h4 h5 35.
Kg3 Rxc7 36. Rxc7 Rc8 37. Rxc8 Nxc8 38. Nc5 Nd6 39. Bb1 hxg4 40. Kxg4 Kh6 41.
Nd7 Bf5+ 0-1

[Event "AUTO-MASTER-603"]
[Site "http://www.queenalice.com/game.php?id=458476"]
[Date "2008.9.5"]
[Round "1"]
[White "AmandaMello"]
[Black "isaacfieri"]
[Result "0-1"]
[WhiteElo "1928"]
[BlackElo "2178"]

1. e4 c6 2. Nc3 d5 3. Nf3 Bg4 4. h3 Bxf3 5. gxf3 e6 6. d4 Nd7 7. Bf4 Bb4 8. Qd3
Ngf6 9. Bd2 Nb6 10. O-O-O Nc4 11. e5 Nd7 12. Ne4 dxe4 13. Qxc4 Bxd2+ 14. Rxd2
exf3 15. Qd3 Qa5 16. Qb3 O-O-O 17. Bd3 Qd5 18. Qxd5 cxd5 19. Rg1 g6 20. Rg3 a6
21. Rxf3 Rhf8 22. Bf1 Nb8 23. c4 dxc4 24. Bxc4 Nc6 25. Rc3 Kb8 26. Bxa6 Rxd4 27.
Re2 Nb4 28. Bb5 Nxa2+ 29. Kc2 Nxc3 30. bxc3 Rd5 31. Bc4 Rc5 32. Kb3 Rfc8 33. Re4
b5 0-1

[Event "AUTO-MASTER-603"]
[Site "http://www.queenalice.com/game.php?id=458477"]
[Date "2008.9.5"]
[Round "1"]
[White "isaacfieri"]
[Black "AmandaMello"]
[Result "1-0"]
[WhiteElo "2183"]
[BlackElo "1946"]

1. c4 Nf6 2. Nc3 c5 3. Nf3 d5 4. cxd5 Nxd5 5. g3 Nc6 6. Bg2 e5 7. Nxe5 Nxe5 8.
Nxd5 Bd6 9. O-O O-O 10. b3 Be6 11. Bb2 Rc8 12. d3 b5 13. Rc1 Qa5 14. Bxe5 Bxe5
15. Ne7+ Kh8 16. Nxc8 Rxc8 17. Rc2 Qb6 18. Qd2 b4 19. Rfc1 Bc3 20. Qe3 Re8 21.
Qe4 Qd8 22. Qc6 Qe7 23. Bf3 Rc8 24. Qe4 Qf6 25. Bg4 Bxg4 26. Qxg4 Re8 27. Qd7
Qe7 28. Qxe7 Rxe7 29. Kf1 Kg8 30. Rxc3 bxc3 31. Rxc3 Re5 32. d4 Re8 33. Rxc5 Kf8
34. Rc7 a6 35. f3 Re6 36. e4 1-0

[Event "AUTO-ADV-809"]
[Site "http://www.queenalice.com/game.php?id=477090"]
[Date "2008.10.14"]
[Round "2"]
[White "mariolusena"]
[Black "AmandaMello"]
[Result "1-0"]
[WhiteElo "2401"]
[BlackElo "1911"]

1. d4 Nf6 2. c4 c5 3. Nf3 e6 4. Nc3 d5 5. Bf4 Nc6 6. Nb5 Qa5+ 7. Nd2 e5 8. Bxe5
Nxe5 9. dxe5 Ne4 10. Qc2 dxc4 11. Qxe4 Qxb5 12. O-O-O Be6 13. e3 O-O-O 14. Bxc4
Bxc4 15. Nxc4 Be7 16. Qf5+ Kb8 17. Qxf7 Rhf8 18. Rxd8+ Rxd8 19. Rd1 Rf8 20. Qxe7
Qxc4+ 21. Kb1 Qg8 22. Rd7 Ka8 23. Rxb7 Rf7 24. Rxa7+ 1-0

[Event "AUTO-MASTER-644"]
[Site "http://www.queenalice.com/game.php?id=481598"]
[Date "2008.10.23"]
[Round "1"]
[White "AmandaMello"]
[Black "Danilo_Machado_Pires"]
[Result "0-1"]
[WhiteElo "1955"]
[BlackElo "2044"]

1. e4 e5 2. Nf3 Nc6 3. Bc4 h6 4. c3 Nf6 5. d3 d6 6. O-O Be7 7. Be3 O-O 8. Nbd2
Bg4 9. h3 Bh5 10. b4 d5 11. exd5 Nxd5 12. Qc2 Bg6 13. b5 Nxe3 14. fxe3 Na5 15.
Nxe5 Nxc4 16. Ndxc4 Bh7 17. e4 Bf6 18. Ng4 Bg5 19. Rad1 Qe7 20. a4 Rad8 21. Kh1
Kh8 22. Rf2 f5 23. exf5 Rxf5 24. Rxf5 Bxf5 25. Nge5 Bf6 26. Nf3 Qe6 27. Re1 Qxc4
28. dxc4 Bxc2 29. Kh2 Bxa4 30. Ne5 Bxe5+ 31. Rxe5 Rd7 32. Kg3 c6 33. Kf4 cxb5
34. cxb5 Kh7 35. Kf5 Bb3 0-1

[Event "AUTO-MASTER-644"]
[Site "http://www.queenalice.com/game.php?id=481599"]
[Date "2008.10.23"]
[Round "1"]
[White "Danilo_Machado_Pires"]
[Black "AmandaMello"]
[Result "1-0"]
[WhiteElo "2046"]
[BlackElo "1928"]

1. e4 c5 2. Nf3 a6 3. d4 cxd4 4. Nxd4 d6 5. Nc3 Nf6 6. Be2 Nbd7 7. O-O g6 8. Kh1
Nc5 9. f3 Bg7 10. Bd3 Qc7 11. Nce2 O-O 12. c3 Bd7 13. Ng3 Rac8 14. Bg5 Nxd3 15.
Qxd3 e5 16. Nb3 Bb5 17. Qe3 Bxf1 18. Rxf1 Qc4 19. Rd1 Rfd8 20. Ne2 d5 21. Bxf6
Bxf6 22. exd5 Rxd5 23. Rxd5 Qxd5 24. h3 Rd8 25. Nec1 Qd1+ 26. Kh2 Qf1 27. Qg1
Qxg1+ 28. Kxg1 a5 29. Ne2 Rd1+ 30. Kf2 Rb1 31. Nxa5 Rxb2 32. g3 b5 33. Nb3 Rxa2
34. Nc1 Ra1 35. Nd3 Kf8 36. Nb4 Ke8 37. Nd5 Bd8 38. h4 Kd7 39. Nb4 Bb6+ 40. Kg2
Kd6 41. Nd3 Kd5 42. Nb4+ Kc4 43. g4 Re1 44. Ng3 1-0

[Event "AUTO-MASTER-644"]
[Site "http://www.queenalice.com/game.php?id=481600"]
[Date "2008.10.23"]
[Round "1"]
[White "AmandaMello"]
[Black "Rutty"]
[Result "0-1"]
[WhiteElo "1965"]
[BlackElo "2042"]

1. e4 c5 2. Nf3 Nc6 3. d4 cxd4 4. Nxd4 d6 5. Nc3 Nf6 6. Bg5 h6 7. Bxf6 gxf6 8.
Bb5 Bd7 9. Qd2 a6 10. Be2 Nxd4 11. Qxd4 Bg7 12. O-O O-O 13. Qd2 f5 14. Bd3 fxe4
15. Bxe4 Bc6 16. Bd3 Rc8 17. Rfe1 e6 18. Rad1 d5 0-1

[Event "AUTO-MASTER-644"]
[Site "http://www.queenalice.com/game.php?id=481601"]
[Date "2008.10.23"]
[Round "1"]
[White "Rutty"]
[Black "AmandaMello"]
[Result "0-1"]
[WhiteElo "1936"]
[BlackElo "1939"]

1. e4 c5 2. Nf3 d6 3. Bc4 Nf6 4. d3 e6 5. h3 Nbd7 6. O-O Be7 7. Nc3 a6 8. a4 O-O
9. Bf4 b6 10. Ne2 Bb7 11. c3 Rc8 12. Rc1 d5 13. exd5 Nxd5 14. Bg3 N7f6 15. Nf4
h6 16. Re1 Re8 17. Qe2 Bd6 18. Nxd5 Nxd5 19. Bxd6 Qxd6 20. Bb3 Nf4 21. Qe3 Nxd3
22. Rcd1 Red8 23. Re2 b5 24. axb5 axb5 25. Ne5 c4 26. Bc2 Qxe5 27. Qd2 Qg5 28.
Qxg5 hxg5 29. b4 Nf4 30. Rxd8+ Rxd8 31. Re5 Rd5 0-1

[Event "AUTO-MASTER-644"]
[Site "http://www.queenalice.com/game.php?id=481602"]
[Date "2008.10.23"]
[Round "1"]
[White "AmandaMello"]
[Black "RationalKing"]
[Result "0-1"]
[WhiteElo "1917"]
[BlackElo "1998"]

1. e4 e5 2. Nf3 Nf6 3. Nc3 d5 4. exd5 e4 5. Nd4 Bc5 6. Nb3 Bb6 7. Bb5+ Bd7 8.
Bxd7+ Nbxd7 9. O-O O-O 10. Re1 Nc5 11. Nxc5 Bxc5 12. Nxe4 Nxe4 13. Rxe4 Qxd5 14.
d3 Rad8 15. Bf4 f5 16. Re5 Qd4 17. Bg3 Qxb2 18. Rxc5 Qb6 19. Rc4 c6 20. Rb1 Qa6
21. Qh5 Qxa2 22. Rcb4 b6 23. R4b2 Qe6 24. Qh4 c5 25. Ra1 Rd4 26. Qh3 Qf6 27.
Rbb1 Rb4 28. Re1 a5 29. Qh5 a4 30. Be5 Qc6 31. Bc3 Rg4 32. Qh3 b5 33. Re7 Rf7
34. Rae1 b4 0-1

[Event "AUTO-MASTER-644"]
[Site "http://www.queenalice.com/game.php?id=481603"]
[Date "2008.10.23"]
[Round "1"]
[White "RationalKing"]
[Black "AmandaMello"]
[Result "0-1"]
[WhiteElo "2017"]
[BlackElo "1930"]

1. e4 c5 2. Nc3 d6 3. g3 Nf6 4. Bg2 Nbd7 5. Nge2 e6 6. d4 cxd4 7. Nxd4 Be7 8.
O-O Qc7 9. Ndb5 Qb6 10. Be3 Qd8 11. Nxd6+ Bxd6 12. Qxd6 Qe7 13. Qxe7+ Kxe7 14.
Rad1 Re8 15. e5 Ng4 16. Nb5 Nxe3 17. fxe3 Rd8 18. b3 Nxe5 19. Rxd8 Kxd8 20. Rd1+
Ke7 21. Nd6 Nc6 22. Bxc6 bxc6 23. Nxc8+ Rxc8 24. Kf2 c5 25. c4 Rc6 26. Kf3 Rd6
27. Rxd6 Kxd6 28. Kf4 h6 29. h4 f6 30. h5 Ke7 31. a3 Kd6 32. b4 Kc6 33. b5+ Kb6
34. e4 Ka5 35. g4 Ka4 36. e5 Kxa3 0-1

[Event "AUTO-OPEN-921"]
[Site "http://www.queenalice.com/game.php?id=533059"]
[Date "2009.2.1"]
[Round "3"]
[White "AmandaMello"]
[Black "joao"]
[Result "0-1"]
[WhiteElo "1938"]
[BlackElo "2080"]

1. c4 e5 2. Nc3 Nf6 3. g3 a6 4. Bg2 Bc5 5. e4 O-O 6. Nge2 d6 7. d3 Ng4 8. O-O f5
9. h3 Nf6 10. Bg5 Qe8 11. Bxf6 Rxf6 12. Nd5 Rf7 13. b4 Ba7 14. Nec3 c6 15. Ne3
f4 16. Nf5 Bxf5 17. exf5 fxg3 18. Ne4 gxf2+ 0-1

[Event "AUTO-OPEN-921"]
[Site "http://www.queenalice.com/game.php?id=533060"]
[Date "2009.2.1"]
[Round "3"]
[White "joao"]
[Black "AmandaMello"]
[Result "1-0"]
[WhiteElo "2069"]
[BlackElo "1949"]

1. d4 Nf6 2. c4 c5 3. dxc5 e6 4. b4 a5 5. Qa4 Nc6 6. b5 Nd4 7. Bb2 Bxc5 8. e3
Nf5 9. Bd3 Ne7 10. Nd2 d5 11. Ngf3 O-O 12. Bxf6 gxf6 13. cxd5 Qxd5 14. Qg4+ Ng6
15. Bc4 Qd6 16. O-O Kh8 17. Qe4 Bd7 18. Rad1 Qe7 19. Nb3 1-0

[Event "Challenge"]
[Site "http://www.queenalice.com/game.php?id=541626"]
[Date "2009.2.17"]
[Round "-"]
[White "AmandaMello"]
[Black "marktwain"]
[Result "1-0"]
[WhiteElo "1904"]
[BlackElo "1953"]

1. c4 c5 2. Nc3 Nc6 3. g3 g6 4. Bg2 Bg7 5. d3 Nf6 6. e4 d6 7. Nge2 O-O 8. O-O
Bd7 9. h3 Qc8 10. Kh2 Qd8 11. Be3 Qb6 12. Rb1 Qa5 13. f4 Rfc8 14. f5 Rab8 15.
Nf4 a6 16. Nfd5 Nxd5 17. Nxd5 gxf5 18. exf5 Re8 19. Bd2 Qxa2 20. f6 exf6 21.
Rxf6 Ne5 22. Rxd6 Bc6 23. Qf1 Bxd5 24. Bxd5 Rbd8 25. Rb6 Rd7 26. Ra1 Qxa1 27.
Qxa1 Rxd5 28. cxd5 Nf3+ 29. Kg2 Nxd2 30. Qd1 1-0

[Event "Challenge"]
[Site "http://www.queenalice.com/game.php?id=556060"]
[Date "2009.3.14"]
[Round "-"]
[White "AmandaMello"]
[Black "goldenboy"]
[Result "0-1"]
[WhiteElo "1943"]
[BlackElo "2014"]

1. c4 c5 2. Nc3 Nf6 3. g3 d5 4. cxd5 Nxd5 5. Bg2 Nxc3 6. bxc3 e5 7. Nf3 Nc6 8.
O-O e4 9. Ne1 Bf5 10. Rb1 Rb8 0-1